000 00383nam a2200145Ia 4500
008 230711s9999||||xx |||||||||||||| ||und||
041 _aENG
082 _a4
_bVA-M
100 _aValkenburg,M. E. Van
245 0 _aIntroduction to modern network synthesis
250 _a1st . Ed.
260 _c1994
_aNew Delhi
_bWiley Eastern Limited
650 _aElectrical Engineering
942 _cBK
999 _c2378
_d2378